Commento della Bibbia liturgica

Saved in:
Bibliografiske detaljer
Hovedforfatter: Rossano, Pietro (Author)
Format: Bog
Sprog:italiensk
Udgivet: Milán Edizioni Paolini 1986
Udgivelse:5a. ed
Fag:
Tags: Tilføj Tag
Ingen Tags, Vær først til at tagge denne postø!

MARC

LEADER 00000cam a2200000 a 4500
001 UCC6507
003 CL-VaPUC
008 181213e19860000it |||||||||||||||||ita|d
020 |a 8821501965 
082 0 4 |a 220  |b ROS  |2 21 
100 0 |a Rossano, Pietro  |e author  |9 600979 
245 1 0 |a Commento della Bibbia liturgica 
250 |a 5a. ed 
300 |a 2122 p 
942 |c BK 
945 |d 20181213 14:55:00  |a dcastane 
260 |a Milán  |b Edizioni Paolini  |c 1986 
650 0 |a Biblia  |9 257603 
650 0 |a Antiguo testamento   |9 313678 
650 0 |a Nuevo testamento  |9 257604 
650 7 |a COMENTARIOS BIBLICOS  |2 CL-VaPUC  |9 521524 
583 |a last modification  |c 20181213 14:55:00  |k Rodrigo Vera 
999 |c 373448  |d 373446 
952 |0 0  |1 0  |3 erb  |4 0  |6 220_000000000000000_ROS_1986  |7 0  |8 A  |9 491555  |a BIBTEO  |b BIBTEO  |i 5522943  |o 220 ROS 1986  |p 5522943  |r 2025-01-17  |w 2019-11-24  |y BK  |z Catalogado en:20181213  |k ICR